00294nam a2200121Ia 4500003000400000005001700004008004100021020001800062040001000080100001600090245005000106260001600156OSt20231226072330.0170523s9999 xx 000 0 und d a9788126515257 cIIMTU aRamo- Simon 0aFields and Waves in Communication Electronics aWiley India